000 00512nam a2200169Ia 4500
008 180921t2017 xxu||||| |||| 00| 0 sin d
041 _asin
080 _aX8සි31
_bදිසානා
100 _aදිසානායක, ඩී,එම් අනුර
245 _aපාළුකඩ පාර
246 _aPalukada paara
260 _bවාසනා
_aදංකොටුව
_c2017
300 _bපි.368, සෙ.මී.21
942 _cBK
999 _c6936
_d6936
003 LK-CoDNM
040 _aLK-CoDNM
_dLK-CoDNM
_eLK-CoDNM